NDU-K Library Catalogue

Girl in a jacket 

Paradoxes of group life : (Record no. 23716)

MARC details
000 -LEADER
fixed length control field 01520pam a2200409 a 4500
001 - CONTROL NUMBER
control field 3353017
003 - CONTROL NUMBER IDENTIFIER
control field OSt
005 - DATE AND TIME OF LATEST TRANSACTION
control field 20260427085536.0
008 - FIXED-LENGTH DATA ELEMENTS--GENERAL INFORMATION
fixed length control field 870102s1987 cau b 001 0 eng
010 ## - LIBRARY OF CONGRESS CONTROL NUMBER
LC control number 86033706
020 ## - INTERNATIONAL STANDARD BOOK NUMBER
International Standard Book Number 155542046X
Qualifying information alk. paper
035 ## - SYSTEM CONTROL NUMBER
System control number 3353017
040 ## - CATALOGING SOURCE
Original cataloging agency DLC
Transcribing agency DLC
Modifying agency DLC
050 00 - LIBRARY OF CONGRESS CALL NUMBER
Classification number HM131
Item number .S569 1997
082 00 - DEWEY DECIMAL CLASSIFICATION NUMBER
Classification number 302.3
Edition number 19
100 1# - MAIN ENTRY--PERSONAL NAME
Personal name Smith, Kenwyn K.
245 10 - TITLE STATEMENT
Title Paradoxes of group life :
Remainder of title understanding conflict, paralysis, and movement in group dynamics /
Statement of responsibility, etc. Kenwyn K. Smith, David N. Berg, in full collaboration.
250 ## - EDITION STATEMENT
Edition statement 1st ed.
260 ## - PUBLICATION, DISTRIBUTION, ETC.
Place of publication, distribution, etc. San Francisco :
Name of publisher, distributor, etc. Jossey-Bass,
Date of publication, distribution, etc. 1987.
300 ## - PHYSICAL DESCRIPTION
Extent xviii, 281 p. ;
Dimensions 24 cm.
336 ## - CONTENT TYPE
Content type term text
Content type code txt
Source rdacontent
337 ## - MEDIA TYPE
Media type term unmediated
Media type code n
Source rdamedia
338 ## - CARRIER TYPE
Carrier type term volume
Carrier type code nc
Source rdacarrier
440 #0 - SERIES STATEMENT/ADDED ENTRY--TITLE
Title Jossey-Bass management series
440 #0 - SERIES STATEMENT/ADDED ENTRY--TITLE
Title Jossey-Bass social and behavioral science series
500 ## - GENERAL NOTE
General note Includes index.
504 ## - BIBLIOGRAPHY, ETC. NOTE
Bibliography, etc. note Bibliography: p. 267-274.
650 #0 - SUBJECT ADDED ENTRY--TOPICAL TERM
Topical term or geographic name entry element Social groups.
650 #0 - SUBJECT ADDED ENTRY--TOPICAL TERM
Topical term or geographic name entry element Paradox.
700 1# - ADDED ENTRY--PERSONAL NAME
Personal name Berg, David N.,
Dates associated with a name 1949-
856 41 - ELECTRONIC LOCATION AND ACCESS
Materials specified Table of contents
Uniform Resource Identifier <a href="http://www.loc.gov/catdir/toc/wiley023/86033706.html">http://www.loc.gov/catdir/toc/wiley023/86033706.html</a>
856 42 - ELECTRONIC LOCATION AND ACCESS
Materials specified Contributor biographical information
Uniform Resource Identifier <a href="http://www.loc.gov/catdir/enhancements/fy0706/86033706-b.html">http://www.loc.gov/catdir/enhancements/fy0706/86033706-b.html</a>
856 42 - ELECTRONIC LOCATION AND ACCESS
Materials specified Publisher description
Uniform Resource Identifier <a href="http://www.loc.gov/catdir/enhancements/fy0706/86033706-d.html">http://www.loc.gov/catdir/enhancements/fy0706/86033706-d.html</a>
906 ## - LOCAL DATA ELEMENT F, LDF (RLIN)
a 7
b cbc
c orignew
d 1
e ocip
f 19
g y-gencatlg
942 ## - ADDED ENTRY ELEMENTS (KOHA)
Source of classification or shelving scheme Library of Congress Classification
Koha item type Normal Collection
Suppress in OPAC No
Holdings
Withdrawn status Lost status Source of classification or shelving scheme Damaged status Not for loan Home library Current library Date acquired Inventory number Total Checkouts Full call number Barcode Date last seen Price effective from Koha item type
    Library of Congress Classification     International Peace Support Training Centre (IPSTC) International Peace Support Training Centre (IPSTC) 27/04/2026 2714/2018   HM131 .S569 1997 200127142018 27/04/2026 27/04/2026 Normal Collection
Copyright © 2026 [National Defence University - Kenya]. All rights reserved.